Hawaiian Airlines Destinations - Statistics

General Stats
  • This quiz has been taken 62 times
  • The average score is 20 of 30
Answer Stats
Country Destination % Correct
Japan Tokyo
100%
Australia Sydney
98%
United States Los Angeles
95%
Japan Osaka
95%
United States San Francisco
93%
United States Seattle/Tacoma
93%
South Korea Seoul
93%
United States New York
90%
New Zealand Auckland
88%
United States Portland
85%
United States Honolulu
83%
United States San Diego
80%
United States San Jose
71%
United States Las Vegas
66%
United States Hilo
63%
United States Phoenix
63%
United States Anchorage
61%
United States Sacramento
61%
United States Boston
59%
French Polynesia Tahiti
59%
United States Salt Lake City
56%
United States Kahului
49%
United States Oakland
49%
Japan Fukuoka
44%
American Samoa Pago Pago
44%
United States Lihue
39%
United States Long Beach
32%
United States Kailua-Kona
27%
United States Ontario
27%
Cook Islands Rarotonga Island
5%
No matching quizzes found
Score Distribution
Percent of People with Each Score
Percentile by Number Answered
Your Score History
You have not taken this quiz